Directions in general Relativity (Record no. 11200)
[ view plain ]
| 000 -LEADER | |
|---|---|
| fixed length control field | 00863nam a2200217Ia 4500 |
| 003 - CONTROL NUMBER IDENTIFIER | |
| control field | IN-BaIIA |
| 008 - FIXED-LENGTH DATA ELEMENTS--GENERAL INFORMATION | |
| fixed length control field | 211028s9999 xx 000 0 eng d |
| 020 ## - INTERNATIONAL STANDARD BOOK NUMBER | |
| International Standard Book Number | 978-0-521-45266-3 |
| 040 ## - CATALOGING SOURCE | |
| Transcribing agency | IIA Library |
| 080 ## - UNIVERSAL DECIMAL CLASSIFICATION NUMBER | |
| Universal Decimal Classification number | 530.12 |
| Item number | DIR-1 |
| 100 ## - MAIN ENTRY--PERSONAL NAME | |
| Personal name | Hu, B. L |
| 9 (RLIN) | 19183 |
| 111 ## - MAIN ENTRY--MEETING NAME | |
| Meeting name or jurisdiction name as entry element | 1993 International Symposium on Directions in General Relativity |
| Location of meeting | Maryland |
| Date of meeting or treaty signing | 1993 May 22-29 |
| 9 (RLIN) | 19184 |
| 245 #0 - TITLE STATEMENT | |
| Title | Directions in general Relativity |
| Remainder of title | proceedings of the 1993 International Symposium on directions in general Relativity, vol. 1, held in Maryland, USA, May 22-29, 1993 |
| Statement of responsibility, etc. | B. L. Hu, M. P. Ryan Jr. and C. V. Vishveshwara. |
| 260 ## - PUBLICATION, DISTRIBUTION, ETC. | |
| Place of publication, distribution, etc. | UK |
| Name of publisher, distributor, etc. | Cambridge University Press |
| Date of publication, distribution, etc. | 1993 |
| 300 ## - PHYSICAL DESCRIPTION | |
| Extent | [various pagings.] |
| 650 ## - SUBJECT ADDED ENTRY--TOPICAL TERM | |
| Topical term or geographic name entry element | Astronomy and Astrophysics thesaurus |
| 650 ## - SUBJECT ADDED ENTRY--TOPICAL TERM | |
| Topical term or geographic name entry element | General Relativity |
| 9 (RLIN) | 3824 |
| 650 ## - SUBJECT ADDED ENTRY--TOPICAL TERM | |
| Topical term or geographic name entry element | Relativity |
| 700 ## - ADDED ENTRY--PERSONAL NAME | |
| Personal name | Ryan, M. P. |
| 9 (RLIN) | 19185 |
| 942 ## - ADDED ENTRY ELEMENTS (KOHA) | |
| Koha item type | Books |
| Withdrawn status | Lost status | Damaged status | Not for loan | Home library | Current library | Shelving location | Date acquired | Total Checkouts | Full call number | Barcode | Date last seen | Price effective from | Koha item type |
|---|---|---|---|---|---|---|---|---|---|---|---|---|---|
| IIA Library-Bangalore | IIA Library-Bangalore | General Stacks | 10/02/1995 | 530.12/ DIR-1 | 12114 | 05/11/2021 | 10/02/1995 | Books |